Химическая технология благородных металлов: электронный курс

Xehetasun bibliografikoak
Egile nagusia: Леонова Л. А. Лилия Александровна
Erakunde egilea: Национальный исследовательский Томский политехнический университет Инженерная школа ядерных технологий Отделение ядерно-топливного цикла
Beste egile batzuk: Сандаковская Е. Ю. Елена Юрьевна
Gaia:Заглавие с экрана
Целью освоения дисциплины является формирование у обучающихся определенного состава компетенций (результатов освоения) для подготовки к профессиональной деятельности: получение знаний об основных технологических процессах, теоретических основах и оборудовании в технологии благородных металлов; формирование умений и навыков осуществления технологических процессов в технологии благородных металлов в соответствии с технологическими регламентами, при эффективном использовании сырья и оборудования; формирование навыков, связанных с самостоятельным поиском и анализом научно-технической литературы в области технологии благородных металлов и вновь получаемых материалов на их основе.
Доступ по логину и паролю
Hizkuntza:errusiera
Argitaratua: Томск, TPU Moodle, 2020
Gaiak:
Sarrera elektronikoa:https://design.lms.tpu.ru/course/view.php?id=3544
Formatua: Baliabide elektronikoa Liburua
KOHA link:https://koha.lib.tpu.ru/cgi-bin/koha/opac-detail.pl?biblionumber=666727

MARC

LEADER 00000nlm0a2200000 4500
001 666727
005 20231222134747.0
035 |a (RuTPU)RU\TPU\network\37931 
035 |a RU\TPU\network\29796 
090 |a 666727 
100 |a 20220124d2020 m y0rusy50 ca 
101 0 |a rus 
102 |a RU 
105 |a a j 000zy 
135 |a jrcn ---uucaa 
181 0 |a i  
182 0 |a b 
200 1 |a Химическая технология благородных металлов  |e электронный курс  |f Л. А. Леонова, Е. Ю. Сандаковская  |g Национальный исследовательский Томский политехнический университет, Инженерная школа ядерных технологий, Отделение ядерно-топливного цикла 
203 |a Текст  |c электронный 
210 |c TPU Moodle  |d 2020  |a Томск 
300 |a Заглавие с экрана 
330 |a Целью освоения дисциплины является формирование у обучающихся определенного состава компетенций (результатов освоения) для подготовки к профессиональной деятельности: получение знаний об основных технологических процессах, теоретических основах и оборудовании в технологии благородных металлов; формирование умений и навыков осуществления технологических процессов в технологии благородных металлов в соответствии с технологическими регламентами, при эффективном использовании сырья и оборудования; формирование навыков, связанных с самостоятельным поиском и анализом научно-технической литературы в области технологии благородных металлов и вновь получаемых материалов на их основе. 
333 |a Доступ по логину и паролю 
606 1 |a Благородные металлы  |x Металлургия  |2 stltpush  |3 (RuTPU)RU\TPU\subj\22020  |9 46913 
610 1 |a электронный ресурс 
610 1 |a труды учёных ТПУ 
610 1 |a электронное обучение 
610 1 |a электронные курсы ТПУ 
610 1 |a электронные учебные пособия 
610 1 |a учебные пособия 
610 1 |a Moodle 
610 1 |a e-learning 
610 1 |a дистанционное образование 
610 1 |a дистанционное обучение 
610 1 |a золото 
610 1 |a серебро 
610 1 |a химические свойства 
610 1 |a переработка 
610 1 |a золотоносные руды 
610 1 |a цианирование 
610 1 |a амальгамация 
610 1 |a методы осаждения 
610 1 |a аффинаж 
610 1 |a очистка 
610 1 |a сточные воды 
675 |a 669.21/.23(075.8)  |v 4 
700 1 |a Леонова  |b Л. А.  |c химик-технолог  |c доцент Томского политехнического университета, кандидат технических наук  |c девичья фамилия Филатова  |f 1983-  |g Лилия Александровна  |3 (RuTPU)RU\TPU\pers\25860  |9 11728 
701 1 |a Сандаковская  |b Е. Ю.  |c химик-эколог, специалист в области ядерных технологий  |c заведующий лабораторией Томского политехнического университета  |f 1979-  |g Елена Юрьевна  |3 (RuTPU)RU\TPU\pers\47082 
712 0 2 |a Национальный исследовательский Томский политехнический университет  |b Инженерная школа ядерных технологий  |b Отделение ядерно-топливного цикла  |3 (RuTPU)RU\TPU\col\23554 
801 2 |a RU  |b 63413507  |c 20220712  |g RCR 
856 4 |u https://design.lms.tpu.ru/course/view.php?id=3544 
942 |c CF